00478nam a2200157Ia 450000500170000000800410001708200130005810000130007124500330008426000450011730000120016265000260017494200060020095200990020699900150030520250317163144.0240331s9999 xx 000 0 und d bJEGa894 aJekatha, 0aKadavulai kathalitha kanniar aChennaibRam Prasanth Publicationsc2003 a80 p ., aKavithai Vilaka oorai cL 001040708LaWERCLbWERCLcSSCd2024-03-31l0o 894.811 JEGp4947r2024-03-31w2024-03-31yL c3852d3852